000 00660nam a2200265Ia 4500
005 20260306164500.0
008 008 260114s9999 xx 000 0 eng d
020 _a9780191755408
037 _aEBOOK
040 _aCRL
040 _beng
040 _cCRL
041 _2eng
041 _aeng
084 _qCRL
100 _aW.J. Mander
_91130843
245 4 _aThe Oxford Handbook Of British Philosophy In The Nineteenth Century
260 _bOxford University Press
260 _c2014
650 _aPhilosophy
856 _uhttps://academic.oup.com/edited-volume/38148
942 _cEBOOK
999 _c1714240
_d1714240